Matemáticas financieras.

I tiakina i:
Ngā taipitopito rārangi puna kōrero
Kaituhi matua: Portus Govinden, Lincoyán (autor)
Hōputu: Pukapuka
Reo:Pāniora
Ngā marau:
Ngā Tūtohu: Tāpirihia he Tūtohu
Kāore He Tūtohu, Me noho koe te mea tuatahi ki te tūtohu i tēnei pūkete!

MARC

LEADER 00000nam^a2200000^u^4500
001 000520223
005 20250521000000.0
008 120124s1000^^^^^^^^^^^^r^^^^^000^0^spa^d
009 20260310130455.795
022 |a 9684510993 
035 |a FCE 000064463 
037 |a Acervo ITESO - Biblioteca 
041 |a spa 
082 0 4 |a 510  |b PORm 
100 |a Portus Govinden, Lincoyán  |e (autor) 
245 1 0 |a Matemáticas financieras. 
264 |a México:  |b McGraw-Hill,  |c 1975. 
300 |a 323 p. 
336 |a texto  |b txt  |2 rdacontenido 
337 |a sin mediación  |b n  |2 rdamedio 
338 |a volumen  |b nc  |2 rdasoporte 
649 |a XX 
650 |a Enseñanza de las matemáticas 
650 |a Finanzas 
650 |a Ciencias económicas 
910 |a Fondo Centro de Estudios Educativos 
920 |a Impresos - Libros 
930 |a Fondos Especiales 
905 |a 133 
901 |a ALE071362  |b IT2  |c CEE  |u 20250521 
902 |a https://opac.biblio.iteso.mx/vufind/Record/000520223